| 000 | 00631cam a2200229 i 4500 | ||
|---|---|---|---|
| 001 | 2689457 | ||
| 005 | 20180130053124.0 | ||
| 008 | 751015s1975 txua b s100 0 eng | ||
| 010 | _a 75021547 | ||
| 020 | _a0292775180 | ||
| 040 |
_aDLC _cDLC _dDLC |
||
| 041 | _aeng | ||
| 043 | _acl----- | ||
| 080 | _a338.98 | ||
| 082 | 0 | 0 | _a338.98 ING |
| 100 | _a19 | ||
| 101 | _aSHP | ||
| 245 | 1 | 0 |
_aScience, government, and industry for development : _cedited by Earl Ingerson and Wayne G. Bragg. |
| 504 | _aBibliography: p. 355-401. | ||
| 906 |
_a7 _bcbc _corignew _d2 _eocip _f19 _gy-gencatlg |
||
| 942 |
_2ddc _cBK |
||
| 999 |
_c41271 _d41271 |
||